| 000 | 01028nam a22003257a 4500 | ||
|---|---|---|---|
| 001 | 6255 | ||
| 003 | FISKH | ||
| 005 | 20250407103347.0 | ||
| 008 | 250407b cb ||||| |||| 00| 0 eng d | ||
| 020 | _a9781556613777 | ||
| 040 |
_aDLC _cDLC _dDLC _beng |
||
| 050 | _aPZ7.E4794 F | ||
| 082 | _a813 | ||
| 100 | 1 |
_aElmer, Robert. _d(1958-) |
|
| 245 | 1 | 0 |
_aFar from the storm / _cRobert Elmer. |
| 250 | _aThis edition first published in 1995 | ||
| 260 |
_aSouth Minneapolis : _bBethany House, _c1995 |
||
| 300 |
_a174 pages : _c20 cm. |
||
| 490 | 1 |
_aThe young underground ; _v#4 |
|
| 505 | _aR | ||
| 520 | _aAfter World War II, Peter and Elise seek to discover who is trying to destroy Uncle Morten for his work with the Danish Underground. | ||
| 521 | 8 |
_a760
_bLexile |
|
| 521 | 8 |
_aR
_bRaz-Plus |
|
| 650 | 1 |
_aSiblings _xFiction. |
|
| 650 | 1 |
_aChristian life _xFiction. |
|
| 650 | 1 | _aMystery and detective stories. | |
| 906 |
_a7 _bcbc _corignew _d1 _eocip _f19 _gy-gencatlg |
||
| 942 |
_2ddc _cBK _n0 |
||
| 999 |
_c6255 _d6255 |
||